| 000 | 01310nam a2200289Ia 4500 | ||
|---|---|---|---|
| 001 | 46961 | ||
| 005 | 20230411085958.0 | ||
| 008 | 971031s1980 dr 000 0 spa d | ||
| 035 | _a(OCoLC)ocm37871635 | ||
| 040 |
_aPSA _bspa _cPSA |
||
| 035 | _a(OCoLC)37871635 | ||
| 043 | _acl----- | ||
| 090 | _aQ3. 1980 | ||
| 049 | _aGRAL | ||
| 245 | 0 | 0 |
_aQué es el IVA : _bimpuesto general a las ventas tipo valor agregado : aspectos teóricos, técnicos y prácticos. |
| 260 |
_aSanto Domingo, R.D. : _bSecretarâia de Estado de Finanzas, Departamento de Normas y Polâiticas Fiscales, _c1980. |
||
| 300 |
_a66 p. ; _c22 cm. |
||
| 490 | 0 |
_aColección Manuales de finanzas públicas ; _v3 |
|
| 500 | _a"El presente documento ha sido preparado por la Misión en la ALALC del Programa de Tributación de la OEA y la Secretaría de la Asociación, para su presentación en la V Reunión de Directores de Tributación Interna, Julio 1973-Quito-Ecuador." | ||
| 500 | _a"Material de apoyo para los cursos de capacitación y adiestramiento de la Secretaría de Estado de Finanzas." | ||
| 650 | 0 |
_aValue-added tax _zLatin America. |
|
| 710 | 2 | _aLatin American Free Trade Association. | |
| 710 | 2 | _aAsociación Latinoamericana de Libre Comercio. | |
| 942 |
_2lcc _cbk |
||
| 946 | _ajoacosta | ||
| 994 |
_aC0 _bDRFGD |
||
| 999 |
_c110384 _d110384 |
||